000 00408nam a2200169Ia 4500
008 151213s9999 xx 000 0 und d
020 _a81-8054372-2
100 _aP.N.Varshney
245 _aBanking Law and Practice
_cP.N.Varshney
250 _a21st
260 _aNew Delhi
_bSultan Chand & Soans
_c2005
300 _a4740 p.
650 _aLaw
650 _aLaw
700 _aP.N.Varshney
999 _c3017
_d3017